000
00323nam a2200133Ia 4500
005
20251222144730.0
008
251222s9999||||xx |||||||||||||| ||spa||
020
_a
84-7046-165-6
082
_a
869.953.3/S85
100
_a
Suárez Miramón, Ana
245
0
_a
Modernismo 98, Rubén Darío
264
_b
Cincel
942
_c
LIB
999
_c
18558
_d
18558